00311nam a2200121Ia 4500008004100000245004800041260001700089260000900106300000900115650002300124650001200147856003000159170516s9999 xx 000 0 und d aModel Observers in Medical Imaging Research bTheranostics c2013 a3:10 xMedical Technology xMedtech uhttp://www.thno.org/v3i10